LEADER 02182nam a2200277 4500 001 000000333237 003 CaOOAMICUS 005 20190402170036.0 008 190402s1761 sz 000 u ita r 026 $au.de nos- r.n- ri(a (3) 1761 (R) 040 $aSeMil$bita 110 0 $aFrancia : Parlement$b.$0(OLS)http://semarc/name/109314 245 00$aLettera ad un amico che contiene come una risposta generale a tutte le ragioni, che in sostanza furono addotte nella stampa d'un certo libro con la data di Fossombrone, che ha per titolo lettere dell'abate N.N. milanese ad un prelato romano, apologetiche della Compagnia di Gesł contra due libelli intitolati: riflessioni sopra il memoriale presentato da PP. Gesuiti alla santitą di Papa Clemente 13. felicemente regnante, e appendice alle riflessioni. 264 1$aLugano :$bNella Stamperia privilegiata della Suprema Superioritą Elvetica nelle prefetture italiane :$b[i.e.] Venezia : Giuseppe Bettinelli,$c1761. 300 $a116, [4] p. ;$c8° 500 $aFront. in cornice xilogr. 500 $aLuogo di stampa falso, cfr. C. Caldelari, Bibliografia luganese del Settecento, 1999, p. 479 e 570 500 $aSegn.: A-F? G¹² (G¹² bianca) 700 1 $aBettinelli, Giuseppe,$c.$0(OLS)http://semarc/name/7101 752 $aIT$dVenezia 752 $aSZ$dLugano 850 $aSeMil 852 $aSeMil$W1$xVenegono$y1$m3X II 11 FA$j211859$B225370$CSeMilBibl$Z2$F225370 $8I 996 $6245$aLettera ad un amico che contiene come una risposta generale a tutte le ragioni, che in sostanza furono addotte nella stampa d'un certo libro con la data di Fossombrone, che ha per titolo lettere dell'abate N.N. milanese ad un prelato romano, apologetiche della Compagnia di Gesł contra due libelli intitolati: riflessioni sopra il memoriale presentato da PP. Gesuiti alla santitą di Papa Clemente 13. felicemente regnante, e appendice alle riflessioni$9(OLS)http://semarc/title/422503 996 $6264$aLugano :$bNella Stamperia privilegiata della Suprema Superioritą Elvetica nelle prefetture italiane :$b[i.e.] Venezia : Giuseppe Bettinelli$9(OLS)http://semarc/publisher/38883 LEADER 01235nam a2200289 i 4500 001 000000176905 003 CaOOAMICUS 005 20180117000000.0 008 180117s2008 it u000 u ita u 013 $a154406 020 $a978-88-372-2228-4 040 $aSeMil$bita 100 1 $aPinčs, Shlomo <1908-1990>.$0(OLS)http://semarc/name/93647 245 13$aLa filosofia ebraica /$cShlomo Pinčs ; a cura di Paolo Lucca ; prefazione di Giuliano Tamani. 260 $aBrescia :$bMorcelliana,$c2008. 300 $a120 p. ;$c20 cm. 490 0 $aIl pellicano rosso. Nuova serie ;$v74 650 4$aFilosofia ebraica.$0(OLS)http://semarc/subject/19140 700 1 $aTamani, Giuliano.$0(OLS)http://semarc/name/65708 700 1 $aLucca, Paolo.$0(OLS)http://semarc/name/53826 830 3$aIl pellicano rosso. Nuova serie ;$v74.$0(OLS)http://semarc/title/11366 850 $aSeMil 852 $aSeMil$W1$xVenegono$y1$m2LA V 74$j266283$B127720$CSeMilBibl$Z2$F138261 $81 961 $aRecupero: Seminario di Seveso 996 $6020$a978-88-372-2228-4$9(OLS)http://semarc/number/165609 996 $6245$aLa filosofia ebraica$9(OLS)http://semarc/title/254035 996 $6260$aBrescia :$bMorcelliana$9(OLS)http://semarc/publisher/29629